| 000 | 00497nam a2200205Ia 4500 | ||
|---|---|---|---|
| 003 | OSt | ||
| 005 | 20250704163234.0 | ||
| 008 | 210210b2012 xxu||||| |||| 00| 0 eng d | ||
| 020 | _a8121935334 | ||
| 040 | _cAL | ||
| 041 | _aeng | ||
| 082 | _a540 MADC | ||
| 100 |
_aMadan R L _938713 |
||
| 245 | _aChemistry for degree students BSc third year | ||
| 260 |
_aNew Delhi _bS. Chand & Co. Ltd. _c2012 |
||
| 300 | _axiii,927 | ||
| 690 |
_aChemistry _938714 |
||
| 906 | _a066975 | ||
| 942 |
_2ddc _cBK |
||
| 999 |
_c149388 _d149388 |
||